Complete the Band Name (2000 and after) - Statistics

General Stats
  • This quiz has been taken 94 times
  • The average score is 15 of 20
Answer Stats
Band % Correct
{Black} Eyed Peas
99%
Panic! At The {Disco}
97%
Arctic {Monkeys}
95%
Imagine {Dragons}
95%
Daft {Punk}
93%
Fall Out {Boy}
93%
Kings of {Leon}
89%
Twenty One {Pilots}
88%
3 {Doors} Down
84%
Florence + The {Machine}
82%
My {Chemical} Romance
82%
{Franz} Ferdinand
80%
Portugal The {Man}
62%
Arcade {Fire}
61%
Kaiser {Chiefs}
61%
Scissor {Sisters}
59%
Death Cab For {Cutie}
58%
All-American {Rejects}
54%
Clap Your Hands Say {Yeah}
34%
{Scouting} For Girls
26%
No matching quizzes found
Score Distribution
Percent of People with Each Score
Percentile by Number Answered
Your Score History
You have not taken this quiz